| 000 | 01925nam a2200337 4500 | ||
|---|---|---|---|
| 001 | 0000019413 | ||
| 003 | CO-CtgCURN | ||
| 005 | 20250331185222.0 | ||
| 007 | ta | ||
| 008 | 160627s1996 000 0 eng d | ||
| 020 | _a8482270141 | ||
| 040 |
_aCO-CtgCURN _bspa _ccoctgcurn |
||
| 082 | 0 |
_a617.3 _bI83m |
|
| 100 | 1 | _aIversen, Larry D. | |
| 245 | 1 | 0 |
_aManual de urgencias en ortopedia y traumatología / _cLarry D. Iversen, Marc F. Swiontkowski , traductor, Enrique Marzal Herce. |
| 250 | _a4a. Ed. | ||
| 260 |
_aBarcelona : _bMasson-Little, _c1996. |
||
| 300 | _aix, 386 p. | ||
| 336 | _2rdacontent | ||
| 337 |
_2rdamedia _asin mediacion _bn |
||
| 338 |
_2rdacarrier _avolumen _bnc |
||
| 490 | 1 | _aSerie manuales espiral | |
| 500 | _aIncluye indices y apendice. | ||
| 504 | _aIncluye bibliografia al final de los capitulos. | ||
| 505 | 8 | _aDiagnostico y tratamiento de los traumatismos musculoesqueleticos -- Complicaciones de los traumatismos musculoesqueleticos -- Prevencion y tratamiento de las infecciones musculoesqueleticas agudas -- Patologías articulares atraumaticas -- Ortesis mas frecuentes en urgencias -- Tecnicas de los vendajes y yesos -- Unidad de cuidados traumatologicos -- Tracción -- Equipamiento quirurgico y tecnicas -- Patología vertebral aguda -- Fracturas de clavicula -- Patología de las articulaciones acromioclavicular y esternoclavicular -- Lesiones de hombro -- Fracturas de humero -- Patología del codo y el antebrazo -- Patología de la muñeca y la mano -- Fracturas de pelvis, sacro y coccix -- Luxaciones de cadera y fracturas del acetabulo -- Fracturas de femur -- Lesiones de la rodilla -- Patología del tobillo -- Fracturas y luxaciones del pie | |
| 534 | _aManual of acute orthopaedic therapeutics. | ||
| 650 | 1 | 4 | _aOrtopedia. |
| 908 | _a160627 | ||
| 942 |
_cBK _h617.3 _iI83m _2ddc |
||
| 999 |
_c23156 _d23156 |
||